Statistics for Formula 1 World Champions by Year

Click here to take the quiz!

General Stats

  • This quiz has been taken 20 times
    (14 since last reset)
  • The average score is 62 of 74

Answer Stats

YearsNationalityChampion% Correct
2023๐Ÿ‡ณ๐Ÿ‡ฑMax Verstappen
100%
1993๐Ÿ‡ซ๐Ÿ‡ทAlain Prost
89%
1985๐Ÿ‡ซ๐Ÿ‡ทAlain Prost
89%
1989๐Ÿ‡ซ๐Ÿ‡ทAlain Prost
89%
1986๐Ÿ‡ซ๐Ÿ‡ทAlain Prost
89%
1980๐Ÿ‡ฆ๐Ÿ‡บAlan Jones
89%
1988๐Ÿ‡ง๐Ÿ‡ทAyrton Senna
89%
1990๐Ÿ‡ง๐Ÿ‡ทAyrton Senna
89%
1991๐Ÿ‡ง๐Ÿ‡ทAyrton Senna
89%
1996๐Ÿ‡ฌ๐Ÿ‡งDamon Hill
89%
1974๐Ÿ‡ง๐Ÿ‡ทEmerson Fittipaldi
89%
1972๐Ÿ‡ง๐Ÿ‡ทEmerson Fittipaldi
89%
2006๐Ÿ‡ช๐Ÿ‡ธFernando Alonso
89%
2005๐Ÿ‡ช๐Ÿ‡ธFernando Alonso
89%
1968๐Ÿ‡ฌ๐Ÿ‡งGraham Hill
89%
1971๐Ÿ‡ฌ๐Ÿ‡งJackie Stewart
89%
1973๐Ÿ‡ฌ๐Ÿ‡งJackie Stewart
89%
1997๐Ÿ‡จ๐Ÿ‡ฆJacques Villeneuve
89%
1976๐Ÿ‡ฌ๐Ÿ‡งJames Hunt
89%
2009๐Ÿ‡ฌ๐Ÿ‡งJenson Button
89%
1979๐Ÿ‡ฟ๐Ÿ‡ฆJody Scheckter
89%
1982๐Ÿ‡ซ๐Ÿ‡ฎKeke Rosberg
89%
2007๐Ÿ‡ซ๐Ÿ‡ฎKimi Rรคikkรถnen
89%
2018๐Ÿ‡ฌ๐Ÿ‡งLewis Hamilton
89%
2019๐Ÿ‡ฌ๐Ÿ‡งLewis Hamilton
89%
2017๐Ÿ‡ฌ๐Ÿ‡งLewis Hamilton
89%
2020๐Ÿ‡ฌ๐Ÿ‡งLewis Hamilton
89%
2014๐Ÿ‡ฌ๐Ÿ‡งLewis Hamilton
89%
2015๐Ÿ‡ฌ๐Ÿ‡งLewis Hamilton
89%
2008๐Ÿ‡ฌ๐Ÿ‡งLewis Hamilton
89%
1978๐Ÿ‡บ๐Ÿ‡ธMario Andretti
89%
2021๐Ÿ‡ณ๐Ÿ‡ฑMax Verstappen
89%
2022๐Ÿ‡ณ๐Ÿ‡ฑMax Verstappen
89%
2003๐Ÿ‡ฉ๐Ÿ‡ชMichael Schumacher
89%
2002๐Ÿ‡ฉ๐Ÿ‡ชMichael Schumacher
89%
1995๐Ÿ‡ฉ๐Ÿ‡ชMichael Schumacher
89%
1994๐Ÿ‡ฉ๐Ÿ‡ชMichael Schumacher
89%
2001๐Ÿ‡ฉ๐Ÿ‡ชMichael Schumacher
89%
2004๐Ÿ‡ฉ๐Ÿ‡ชMichael Schumacher
89%
2000๐Ÿ‡ฉ๐Ÿ‡ชMichael Schumacher
89%
1999๐Ÿ‡ซ๐Ÿ‡ฎMika Hรคkkinen
89%
1998๐Ÿ‡ซ๐Ÿ‡ฎMika Hรคkkinen
89%
1987๐Ÿ‡ง๐Ÿ‡ทNelson Piquet
89%
1983๐Ÿ‡ง๐Ÿ‡ทNelson Piquet
89%
1981๐Ÿ‡ง๐Ÿ‡ทNelson Piquet
89%
2016๐Ÿ‡ฉ๐Ÿ‡ชNico Rosberg
89%
1992๐Ÿ‡ฌ๐Ÿ‡งNigel Mansell
89%
1984๐Ÿ‡ฆ๐Ÿ‡นNiki Lauda
89%
1975๐Ÿ‡ฆ๐Ÿ‡นNiki Lauda
89%
1977๐Ÿ‡ฆ๐Ÿ‡นNiki Lauda
89%
2010๐Ÿ‡ฉ๐Ÿ‡ชSebastian Vettel
89%
2011๐Ÿ‡ฉ๐Ÿ‡ชSebastian Vettel
89%
2012๐Ÿ‡ฉ๐Ÿ‡ชSebastian Vettel
89%
2013๐Ÿ‡ฉ๐Ÿ‡ชSebastian Vettel
89%
1967๐Ÿ‡ณ๐Ÿ‡ฟDenny Hulme
78%
1966๐Ÿ‡ฆ๐Ÿ‡บJack Brabham
78%
1969๐Ÿ‡ฌ๐Ÿ‡งJackie Stewart
78%
1965๐Ÿ‡ฌ๐Ÿ‡งJim Clark
78%
1963๐Ÿ‡ฌ๐Ÿ‡งJim Clark
78%
1970๐Ÿ‡ฆ๐Ÿ‡นJochen Rindt
78%
1964๐Ÿ‡ฌ๐Ÿ‡งJohn Surtees
78%
1953๐Ÿ‡ฎ๐Ÿ‡นAlberto Ascari
67%
1952๐Ÿ‡ฎ๐Ÿ‡นAlberto Ascari
67%
1950๐Ÿ‡ฎ๐Ÿ‡นGiuseppe Farina
67%
1962๐Ÿ‡ฌ๐Ÿ‡งGraham Hill
67%
1960๐Ÿ‡ฆ๐Ÿ‡บJack Brabham
67%
1959๐Ÿ‡ฆ๐Ÿ‡บJack Brabham
67%
1957๐Ÿ‡ฆ๐Ÿ‡ทJuan Manuel Fangio
67%
1956๐Ÿ‡ฆ๐Ÿ‡ทJuan Manuel Fangio
67%
1955๐Ÿ‡ฆ๐Ÿ‡ทJuan Manuel Fangio
67%
1954๐Ÿ‡ฆ๐Ÿ‡ทJuan Manuel Fangio
67%
1951๐Ÿ‡ฆ๐Ÿ‡ทJuan Manuel Fangio
67%
1958๐Ÿ‡ฌ๐Ÿ‡งMike Hawthorn
67%
1961๐Ÿ‡บ๐Ÿ‡ธPhil Hill
67%

Score Distribution

Percentile by Number Answered

Percent of People with Each Score

Your Score History

You have not taken this quiz since the last reset